[Event "Villa Martelli Pro Am op 11th"]
[Site "Villa Martelli"]
[Date "2004.11.06"]
[Round "2"]
[White "Iermito, Sebastian"]
[Black "Paglilla, Carlos"]
[Result "0-1"]
[WhiteElo "2126"]
[BlackElo "2390"]
[PlyCount "110"]
[EventDate "2004.11.04"]
[EventType "swiss"]
[EventRounds "9"]
[EventCountry "ARG"]
[SourceTitle "CBM 103 Extra"]
[Source "ChessBase"]
[SourceDate "2005.01.01"]
[SourceVersion "1"]
[SourceVersionDate "2005.01.01"]
[SourceQuality "1"]

1. d4 Nf6 2. c4 c5 3. d5 g6 4. Nc3 Bg7 5. e4 0-0 6. Bd3 e5 7. Nge2 d6 8. h3 h5 9. Bg5 Qe8 10. Nb5 Nh7 11. Be3 Qd8 12. Nec3 a6 13. Na3 h4 14. Qd2 f5 15. f3 Nd7 16. Nc2 Ndf6 17. a3 Nh5 18. b4 b6 19. Rb1 Bf6 20. a4 Ng3 21. Rg1 Ng5 22. Kd1 f4 23. Bf2 Bxh3 24. Ne1 Bd7 25. Qc2 a5 26. bxc5 bxc5 27. Nb5 Nf7 28. Rb2 Kg7 29. Bf1 Rh8 30. Qb1 g5 31. Bxg3 fxg3 32. Nc2 g4 33. Be2 gxf3 34. Bxf3 Bg5 35. Rb3 Bf4 36. Ne3 Bxe3 37. Rxe3 Qg5 38. Ke2 Qg6 39. Kd3 Ng5 40. Rf1 Rhf8 41. Qe1 Rf4 42. Nc3 Raf8 43. Be2 Bg4 44. Rxf4 exf4 45. Bxg4 fxe3 46. Bf5 Rxf5 47. exf5 Qxf5+ 48. Kxe3 Qe5+ 49. Kd2 Qd4+ 50. Kc1 Qxc4 51. Qe7+ Nf7 52. Kc2 h3 53. gxh3 g2 54. Qe3 Qf1 55. Ne2 Qxe2+ 0-1

[Event "Villa Martelli Pro Am op 10th"]
[Site "Villa Martelli"]
[Date "2003.10.23"]
[Round "1"]
[White "Radoszta, Armando Esteban"]
[Black "Paglilla, Carlos"]
[Result "0-1"]
[WhiteElo "2018"]
[BlackElo "2379"]
[PlyCount "62"]
[EventDate "2003.10.23"]
[EventType "swiss"]
[EventRounds "9"]
[EventCountry "ARG"]
[SourceTitle "CBM 097 Extra"]
[Source "ChessBase"]
[SourceDate "2004.01.13"]
[SourceVersion "1"]
[SourceVersionDate "2004.01.13"]
[SourceQuality "1"]

1. e4 Nf6 2. e5 Nd5 3. c4 Nb6 4. d4 d6 5. exd6 exd6 6. Nf3 Bg4 7. Be3 Be7 8. h3 Bh5 9. Be2 0-0 10. Qb3 Nc6 11. Na3 a5 12. 0-0-0 Bg6 13. Bd3 a4 14. Qc3 Bxd3 15. Rxd3 Bf6 16. g4 g6 17. Kb1 Qd7 18. Rdd1 Bg7 19. Ka1 f5 20. gxf5 Qxf5 21. Ne1 Na5 22. Qc1 c5 23. dxc5 Nbxc4 24. Bd4 Bxd4 25. Rxd4 Nxa3 26. bxa3 Qf6 27. Qb2 dxc5 28. Rxa4 Qxb2+ 29. Kxb2 Rxf2+ 30. Kc3 b5 31. Nd3 Rxa2 0-1

[Event "Villa Martelli Pro Am op 10th"]
[Site "Villa Martelli"]
[Date "2003.??.??"]
[Round "3"]
[White "Della Morte, Pablo"]
[Black "Paglilla, Carlos"]
[Result "0-1"]
[WhiteElo "2274"]
[BlackElo "2379"]
[PlyCount "64"]
[EventDate "2003.10.23"]
[EventType "swiss"]
[EventRounds "9"]
[EventCountry "ARG"]
[SourceTitle "CBM 097 Extra"]
[Source "ChessBase"]
[SourceDate "2004.01.13"]
[SourceVersion "1"]
[SourceVersionDate "2004.01.13"]
[SourceQuality "1"]

1. e4 Nf6 2. e5 Nd5 3. d4 d6 4. c4 Nb6 5. exd6 exd6 6. Nc3 g6 7. Be3 Bg7 8. Be2 0-0 9. b3 Re8 10. Qd2 N8d7 11. Nf3 Nf6 12. 0-0 Ne4 13. Nxe4 Rxe4 14. Rac1 Re8 15. h3 Nd7 16. Bg5 Bf6 17. Bf4 Nf8 18. d5 Nd7 19. b4 a5 20. c5 axb4 21. cxd6 cxd6 22. Bb5 Qb6 23. Qxb4 Rxa2 24. Bxd6 Rb2 25. Bxd7 Rxb4 26. Bxe8 Qxd6 27. Rxc8 Kg7 28. Rfc1 Bd8 29. R8c2 Bb6 30. Ng5 Rf4 31. Re2 Qxd5 32. Nf3 Rxf3 0-1

[Event "Buenos Aires ITT FMDA"]
[Site "Buenos Aires"]
[Date "2003.??.??"]
[Round "?"]
[White "Malbran, Guillermo"]
[Black "Paglilla, Carlos"]
[Result "1/2-1/2"]
[WhiteElo "2341"]
[BlackElo "2356"]
[PlyCount "93"]
[EventDate "2003.02.15"]
[EventType "tourn"]
[EventRounds "11"]
[EventCountry "ARG"]
[EventCategory "2"]
[SourceTitle "EXT 2005"]
[Source "ChessBase"]
[SourceDate "2004.11.15"]
[SourceVersion "1"]
[SourceVersionDate "2004.11.15"]
[SourceQuality "1"]

1. e4 e5 2. Nf3 Nc6 3. Bb5 d6 4. d4 Bd7 5. 0-0 Nge7 6. dxe5 dxe5 7. Bg5 h6 8. Bxe7 Bxe7 9. Qe2 Nd4 10. Nxd4 exd4 11. Rd1 c6 12. Bc4 Qb6 13. c3 dxc3 14. Nxc3 Rd8 15. e5 0-0 16. Ne4 Bf5 17. Ng3 Bg6 18. b3 Rxd1+ 19. Rxd1 Rd8 20. e6 Rxd1+ 21. Qxd1 Qd8 22. exf7+ Bxf7 23. Bxf7+ Kxf7 24. Qh5+ Kg8 25. Nf5 Bf6 26. Qe2 Qd5 27. Ne3 Qe4 28. Qc4+ Qxc4 29. Nxc4 Bd8 30. f4 Bc7 31. g3 Kf7 32. Kf2 Ke6 33. Ke2 h5 34. Kd3 b5 35. Nd2 Kd5 36. Ne4 Ba5 37. a4 a6 38. h3 c5 39. axb5 axb5 40. Ng5 Bc7 41. Nf3 c4+ 42. bxc4+ bxc4+ 43. Kc3 Bd8 44. g4 Ba5+ 45. Kc2 hxg4 46. hxg4 Ke4 47. Ng5+ 1/2-1/2

[Event "Buenos Aires ITT FMDA"]
[Site "Buenos Aires"]
[Date "2003.??.??"]
[Round "?"]
[White "Needleman, Alejandro"]
[Black "Paglilla, Carlos"]
[Result "1/2-1/2"]
[WhiteElo "2419"]
[BlackElo "2356"]
[PlyCount "33"]
[EventDate "2003.02.15"]
[EventType "tourn"]
[EventRounds "11"]
[EventCountry "ARG"]
[EventCategory "2"]
[SourceTitle "EXT 2005"]
[Source "ChessBase"]
[SourceDate "2004.11.15"]
[SourceVersion "1"]
[SourceVersionDate "2004.11.15"]
[SourceQuality "1"]

1. e4 Nf6 2. e5 Nd5 3. d4 d6 4. Nf3 Nc6 5. c4 Nb6 6. exd6 exd6 7. h3 g6 8. Bg5 f6 9. Be3 Bg7 10. d5 Ne5 11. Nxe5 fxe5 12. Nc3 0-0 13. Bd3 Bf5 14. g4 Bxd3 15. Qxd3 Qh4 16. Ne4 Bh6 17. g5 1/2-1/2

[Event "Villa Martelli Pro Am op 10th"]
[Site "Villa Martelli"]
[Date "2003.??.??"]
[Round "6"]
[White "Paglilla, Carlos"]
[Black "Slipak, Sergio"]
[Result "0-1"]
[WhiteElo "2379"]
[BlackElo "2497"]
[PlyCount "44"]
[EventDate "2003.10.23"]
[EventType "swiss"]
[EventRounds "9"]
[EventCountry "ARG"]
[SourceTitle "CBM 097 Extra"]
[Source "ChessBase"]
[SourceDate "2004.01.13"]
[SourceVersion "1"]
[SourceVersionDate "2004.01.13"]
[SourceQuality "1"]

1. e4 c6 2. d4 d5 3. Nc3 dxe4 4. Nxe4 Bf5 5. Nc5 Qb6 6. g4 Bg6 7. f4 e6 8. Qe2 Bxc5 9. dxc5 Qb4+ 10. c3 Qe4 11. Bg2 Qxe2+ 12. Nxe2 Nf6 13. g5 Nd5 14. Bxd5 cxd5 15. Be3 Nc6 16. Nd4 Be4 17. Rf1 h6 18. Rf2 hxg5 19. Nb5 Ke7 20. 0-0-0 Rh3 21. Re1 Rah8 22. Nd6 Rxh2 0-1